书目信息 |
| 题名: |
人生很好玩, 但有时也很丧
|
|
| 作者: | 谷迪姆 著 ;杨静怡 译 | |
| 分册: | ||
| 出版信息: | 长沙 湖南文艺出版社 2019.07 |
|
| 页数: | 214页 | |
| 开本: | 17x23cm | |
| 丛书名: | ||
| 单 册: | ||
| 中图分类: | B821-49 | |
| 科图分类: | ||
| 主题词: | 人生哲学--ren sheng zhe xue--通俗读物 | |
| 电子资源: | ||
| ISBN: | 978-7-5404-9261-8 | |
| 000 | 01209nam0 2200265 450 | |
| 001 | 202020138671 | |
| 005 | 20200926181339.0 | |
| 010 | @a978-7-5404-9261-8@dCNY59.00 | |
| 100 | @a20200915d2019 em y0chiy50 ea | |
| 101 | 1 | @achi@crus |
| 102 | @aCN@b430000 | |
| 105 | @aa z 000yy | |
| 106 | @ar | |
| 200 | 1 | @a人生很好玩, 但有时也很丧@Aren sheng hen hao wan , dan you shi ye hen sang@f(俄) 安东·谷迪姆著@d= So sad so happy@fAnton Gudim@g杨静怡译@zeng |
| 210 | @a长沙@c湖南文艺出版社@d2019.07 | |
| 215 | @a214页@c彩图@d17x23cm | |
| 314 | @a安东·谷迪姆, 俄罗斯插画艺术家, 擅长简易的画风。杨静怡, 伦敦大学全球创意与文化产业硕士。 | |
| 330 | @a本书以简短幽默的语言和简约的插图, 根据生活中不同的场景, 描绘了二十一世纪都市年轻人的生活, 简单直接地道出生活的本质, 引起读者强烈的情感共鸣。从家庭到如校园、职场, 再到地铁站、咖啡馆, 作者巨大的脑洞、冷幽默和独特的生活哲学让人们在轻松阅读的同时对生活有了更多不同角度的认识和反思。 | |
| 510 | 1 | @aSo sad so happy@zeng |
| 606 | 0 | @a人生哲学@Aren sheng zhe xue@j通俗读物 |
| 690 | @aB821-49@v5 | |
| 701 | 1 | @a谷迪姆@Agu di mu@g(Gudim, Anton)@4著 |
| 702 | 0 | @a杨静怡@Ayang jing yi@4译 |
| 801 | 0 | @aCN@c20190726 |
| 905 | @a河南城建学院图书馆@dB821-49@eG459 | |
| 人生很好玩, 但有时也很丧/(俄) 安东·谷迪姆著= So sad so happy/Anton Gudim/杨静怡译.-长沙:湖南文艺出版社,2019.07 |
| 214页:彩图;17x23cm |
| ISBN 978-7-5404-9261-8:CNY59.00 |
| 本书以简短幽默的语言和简约的插图, 根据生活中不同的场景, 描绘了二十一世纪都市年轻人的生活, 简单直接地道出生活的本质, 引起读者强烈的情感共鸣。从家庭到如校园、职场, 再到地铁站、咖啡馆, 作者巨大的脑洞、冷幽默和独特的生活哲学让人们在轻松阅读的同时对生活有了更多不同角度的认识和反思。 |
| ● |
| 相关链接 |
|
|
|
正题名:人生很好玩, 但有时也很丧
索取号:B821-49/G459
 
预约/预借
| 序号 | 登录号 | 条形码 | 馆藏地/架位号 | 状态 | 备注 |
| 1 | 1487903 | 214879032 | 社科库509/509社科库 25排1列3层/ [索取号:B821-49/G459] | 在馆 | |
| 2 | 1487904 | 214879041 | 社科库509/509社科库 25排1列3层/ [索取号:B821-49/G459] | 在馆 | |
| 3 | 1487905 | 214879050 | 社科库509/509社科库 25排1列3层/ [索取号:B821-49/G459] | 在馆 |